| 000 | 00620nam a2200181Ia 4500 | ||
|---|---|---|---|
| 003 | GCL | ||
| 008 | 140319s9999 xx 000 0 ara d | ||
| 040 |
_aGCL / _cGCL |
||
| 082 | 0 | 4 |
_a819.9 _bع ا |
| 100 | 1 | _aعباس محمود العقاد | |
| 245 | 1 | 0 |
_aاثر العرب فى الحضارة الاروبية / _cعباس محمود العقاد |
| 260 |
_aالقاهرة : _bدار المعارف للطباعة والنشر |
||
| 300 |
_a175ص ؛ _c20سم |
||
| 650 | 0 | 4 | _aالحضارة الاوربية |
| 650 | 0 | 4 | _aالعلوم عند العرب |
| 650 | 0 | 4 | _aالعرب والحضارة |
| 942 |
_2ddc _cBK |
||
| 999 |
_c41993 _d41993 |
||